000 00498cam a22002054a 4500
005 20250605164307.0
008 250528s ||||||||||||||||||||||||d
035 _a22289
020 _a97801319666840
040 _aGR-AtMCL
_bgre
_dGR-AtMCL
_eAACR2
245 1 _aDATA STRUCTURES USING PASCAL
250 _a2
260 _bPrentice Hall,
_c1986
300 _a774
700 1 _aAugenstein J. Moshe
_94522
700 1 _aTenenbaum Aaron
_94523
942 _cBK
999 _c7344
_d7344